| 000 | 00392nam a2200133Ia 4500 | ||
|---|---|---|---|
| 008 | 220217s9999 xx 000 0 und d | ||
| 245 | 0 | _aSpecification for braided spray hose of rubber, high pressure. (Revised) | |
| 260 | _c1963 | ||
| 500 | _aStandard number: IS 1677 | ||
| 650 | _aAgricultural spray hose | ||
| 650 | _aBraided textile reinforcement | ||
| 650 | _aRubber hose | ||
| 942 | _cST | ||
| 999 |
_c73577 _d73577 |
||